[Event "LSS RF-2010-0-00069"]
[Site "LSS email"]
[Date "2011.01.28"]
[Round "?"]
[White "Valdes Rodriguez, Edgar"]
[Black "Lombardi, Donato"]
[Result "1-0"]
[WhiteElo "1291"]
[BlackElo "775"]
[PlyCount "27"]
[EventDate "2010.12.25"]
[EventType "tourn (corr)"]
[EventRounds "6"]
[EventCountry "GER"]
[SourceTitle "Corr 2015"]
[Source "ChessBase"]
[SourceDate "2015.07.17"]
[SourceVersion "1"]
[SourceVersionDate "2015.07.17"]
[SourceQuality "1"]

1. e4 e6 2. d4 d5 3. e5 c5 4. c3 cxd4 5. cxd4 Nc6 6. Nf3 Qb6 7. b3 Nge7 8. Be2 Nf5 9. Bb2 Bb4+ 10. Kf1 Be7 11. Nc3 Nfxd4 12. Na4 Qd8 13. Bxd4 Nxd4 14. Qxd4 1-0

[Event "LSS No Engine Cup 35 Preliminary 2"]
[Site "LSS email"]
[Date "2011.01.20"]
[Round "?"]
[White "Valdes Rodriguez, Edgar"]
[Black "Lonyuk, Bohdan"]
[Result "1-0"]
[WhiteElo "1291"]
[BlackElo "964"]
[PlyCount "31"]
[EventDate "2011.01.21"]
[EventType "tourn (corr)"]
[EventRounds "6"]
[EventCountry "GER"]
[SourceTitle "Corr 2013"]
[Source "ChessBase"]
[SourceDate "2012.11.12"]
[SourceVersion "1"]
[SourceVersionDate "2012.11.12"]
[SourceQuality "1"]

1. e4 c5 2. Nf3 Nc6 3. d4 cxd4 4. Nxd4 Nf6 5. Nc3 e6 6. Be2 Bb4 7. Nxc6 bxc6 8. 0-0 d5 9. e5 Nd7 10. Qd4 Bc5 11. Qg4 g6 12. Bg5 Nxe5 13. Qf4 Qd6 14. Bf6 g5 15. Qxg5 Rf8 16. Bxe5 1-0

[Event "ZL-2011-0-00843"]
[Site "LSS email"]
[Date "2011.01.16"]
[Round "?"]
[White "Valdes Rodriguez, Edgar"]
[Black "Babos, Istvan"]
[Result "1-0"]
[WhiteElo "1264"]
[BlackElo "1042"]
[PlyCount "37"]
[EventDate "2011.01.11"]
[EventType "match (corr)"]
[EventRounds "2"]
[EventCountry "GER"]
[SourceTitle "Telechess CBM 147"]
[Source "ChessBase"]
[SourceDate "2012.03.16"]
[SourceVersion "1"]
[SourceVersionDate "2012.03.16"]
[SourceQuality "1"]

1. e4 e5 2. Nf3 d6 3. Bc4 Qe7 4. d4 exd4 5. Qxd4 Nc6 6. Bb5 Bd7 7. Bxc6 Bxc6 8. Nc3 Nf6 9. Bg5 Qe6 10. Bxf6 gxf6 11. 0-0-0 0-0-0 12. Rhe1 Bg7 13. a4 b6 14. a5 d5 15. exd5 Rxd5 16. Nxd5 Bxd5 17. Rxe6 Bxe6 18. Qe4 f5 19. Qa8# 1-0

[Event "LSS SE-2010-0-00062"]
[Site "LSS email"]
[Date "2011.01.15"]
[Round "?"]
[White "De la Pena Balbuena, Isaias"]
[Black "Valdes Rodriguez, Edgar"]
[Result "0-1"]
[WhiteElo "1311"]
[BlackElo "1291"]
[PlyCount "26"]
[EventDate "2010.12.15"]
[EventType "tourn (corr)"]
[EventRounds "6"]
[EventCountry "GER"]
[SourceTitle "Corr 2013"]
[Source "ChessBase"]
[SourceDate "2012.11.12"]
[SourceVersion "1"]
[SourceVersionDate "2012.11.12"]
[SourceQuality "1"]
[WhiteTeam "US of America"]
[BlackTeam "US of America"]
[WhiteTeamCountry "USA"]
[BlackTeamCountry "USA"]

1. e4 e6 2. d3 d5 3. Nd2 c5 4. Ngf3 Nc6 5. g3 Bd6 6. Bg2 Nf6 7. Qe2 Be7 8. 0-0 0-0 9. e5 Nd7 10. Re1 Rb8 11. Nf1 f6 12. Bf4 fxe5 13. Nxe5 Ndxe5 0-1

[Event "LSS SE-2010-0-00062"]
[Site "LSS email"]
[Date "2011.01.15"]
[Round "?"]
[White "Stadler, Pavel"]
[Black "Valdes Rodriguez, Edgar"]
[Result "1-0"]
[WhiteElo "1499"]
[BlackElo "1291"]
[PlyCount "65"]
[EventDate "2010.12.15"]
[EventType "tourn (corr)"]
[EventRounds "6"]
[EventCountry "GER"]
[SourceTitle "Telechess CBM 147"]
[Source "ChessBase"]
[SourceDate "2012.03.16"]
[SourceVersion "1"]
[SourceVersionDate "2012.03.16"]
[SourceQuality "1"]

1. e4 e6 2. d4 d5 3. Nd2 Nf6 4. e5 Nfd7 5. Bd3 c5 6. c3 Nc6 7. Ne2 Qb6 8. Nf3 cxd4 9. cxd4 Bb4+ 10. Bd2 f6 11. exf6 Nxf6 12. 0-0 Bd7 13. a3 Be7 14. b4 0-0 15. h3 Be8 16. Be3 Bd6 17. Nc3 Rc8 18. Na4 Qd8 19. Nc5 Bxc5 20. bxc5 Bh5 21. Rb1 Bxf3 22. Qxf3 Ne4 23. Qg4 Nf6 24. Qxe6+ Rf7 25. Rxb7 Rcc7 26. Rfb1 g6 27. Rxc7 Qxc7 28. Bb5 Nd8 29. Qe5 Qxe5 30. dxe5 Ne4 31. Ba4 Ne6 32. c6 Kg7 33. Rb7 1-0

[Event "LSS SE-2010-0-00062"]
[Site "LSS email"]
[Date "2011.01.15"]
[Round "?"]
[White "Valdes Rodriguez, Edgar"]
[Black "Shim Ng Min, Francis"]
[Result "0-1"]
[WhiteElo "1291"]
[BlackElo "1129"]
[PlyCount "40"]
[EventDate "2010.12.15"]
[EventType "tourn (corr)"]
[EventRounds "6"]
[EventCountry "GER"]
[SourceTitle "Telechess CBM 147"]
[Source "ChessBase"]
[SourceDate "2012.03.16"]
[SourceVersion "1"]
[SourceVersionDate "2012.03.16"]
[SourceQuality "1"]

1. e4 c5 2. Nf3 Nc6 3. d4 cxd4 4. Nxd4 e5 5. Nb3 Nf6 6. Nc3 Bb4 7. Bd3 d5 8. Bd2 d4 9. Ne2 0-0 10. c3 dxc3 11. Bxc3 Qb6 12. 0-0 Rd8 13. Qc2 Be6 14. Rad1 Rac8 15. Qb1 Bxb3 16. axb3 Bc5 17. Bc2 Ng4 18. Be1 Nb4 19. Nc3 Qa6 20. Nd5 Nxc2 0-1

[Event "LSS RE-2010-0-00049"]
[Site "LSS email"]
[Date "2010.12.19"]
[Round "?"]
[White "Valdes Rodriguez, Edgar"]
[Black "Zeidan, Mohammad"]
[Result "1/2-1/2"]
[WhiteElo "1315"]
[BlackElo "1225"]
[PlyCount "77"]
[EventDate "2010.10.12"]
[EventType "tourn (corr)"]
[EventRounds "6"]
[EventCountry "GER"]
[SourceTitle "Telechess CBM 143"]
[Source "ChessBase"]
[SourceDate "2011.07.15"]
[SourceVersion "1"]
[SourceVersionDate "2011.07.15"]
[SourceQuality "1"]

1. e4 d6 2. d4 g6 3. Nf3 Bg7 4. Be3 Nf6 5. Nc3 0-0 6. Be2 Bg4 7. Qd2 c6 8. Bh6 b5 9. a3 Bxf3 10. Bxf3 e5 11. Bxg7 Kxg7 12. d5 cxd5 13. Nxd5 Nbd7 14. Rd1 Rc8 15. 0-0 Nxd5 16. Qxd5 Nb6 17. Qd3 Nc4 18. Qb3 Qg5 19. Qb4 a5 20. Qc3 Qe7 21. Be2 Qb7 22. Bxc4 Rxc4 23. Qd3 Qc6 24. c3 Rxe4 25. Qxd6 Qxd6 26. Rxd6 b4 27. cxb4 axb4 28. f3 Re2 29. Rf2 Re1+ 30. Rf1 Rxf1+ 31. Kxf1 bxa3 32. bxa3 Ra8 33. Rd3 Rb8 34. Ke2 Rb1 35. Rd1 Rb3 36. Rd3 Rb1 37. Rd1 Rb2+ 38. Rd2 Rb1 39. Rd1 1/2-1/2

[Event "LSS RE-2010-0-00049"]
[Site "LSS email"]
[Date "2010.12.18"]
[Round "?"]
[White "Molano Lafuente, Ismael"]
[Black "Valdes Rodriguez, Edgar"]
[Result "1-0"]
[WhiteElo "1233"]
[BlackElo "1315"]
[PlyCount "41"]
[EventDate "2010.10.12"]
[EventType "tourn (corr)"]
[EventRounds "6"]
[EventCountry "GER"]
[SourceTitle "Telechess CBM 143"]
[Source "ChessBase"]
[SourceDate "2011.07.15"]
[SourceVersion "1"]
[SourceVersionDate "2011.07.15"]
[SourceQuality "1"]

1. e4 e6 2. Qe2 Ne7 3. d4 d5 4. e5 Nbc6 5. c3 Ng6 6. Qh5 b6 7. Nf3 Be7 8. Bd3 0-0 9. Ng5 Bxg5 10. Bxg5 Nce7 11. 0-0 c5 12. Nd2 Qc7 13. Rac1 Nf5 14. g4 Nfe7 15. f4 f5 16. exf6 gxf6 17. Bh6 Rf7 18. f5 exf5 19. gxf5 Nh8 20. dxc5 Qxc5+ 21. Kh1 1-0

[Event "LSS RE-2010-0-00049"]
[Site "LSS email"]
[Date "2010.12.18"]
[Round "?"]
[White "Valdes Rodriguez, Edgar"]
[Black "Rojas Sagredo, Fernando"]
[Result "1/2-1/2"]
[WhiteElo "1243"]
[BlackElo "1305"]
[PlyCount "32"]
[EventDate "2010.10.12"]
[EventType "tourn (corr)"]
[EventRounds "6"]
[EventCountry "GER"]
[SourceTitle "Corr 2013"]
[Source "ChessBase"]
[SourceDate "2012.11.12"]
[SourceVersion "1"]
[SourceVersionDate "2012.11.12"]
[SourceQuality "1"]

1. e4 c6 2. Nf3 d5 3. d3 dxe4 4. dxe4 Qxd1+ 5. Kxd1 f6 6. Nc3 Be6 7. Be3 Bf7 8. Bd3 Nd7 9. Ke2 e5 10. a4 Nc5 11. Rhd1 Nxd3 12. cxd3 Bb3 13. Rdc1 Bb4 14. Na2 Bd6 15. Nc3 Bb4 16. Na2 Bd6 1/2-1/2

[Event "OP-2010-0-01340"]
[Site "LSS email"]
[Date "2010.12.12"]
[Round "?"]
[White "Valdes Rodriguez, Edgar"]
[Black "Def, Persey"]
[Result "0-1"]
[WhiteElo "1264"]
[BlackElo "1879"]
[PlyCount "67"]
[EventDate "2010.12.08"]
[EventType "tourn (corr)"]
[EventRounds "4"]
[EventCountry "GER"]
[SourceTitle "Telechess CBM 147"]
[Source "ChessBase"]
[SourceDate "2012.03.16"]
[SourceVersion "1"]
[SourceVersionDate "2012.03.16"]
[SourceQuality "1"]

1. e4 c5 2. Nf3 Nc6 3. c3 Nf6 4. d3 d5 5. e5 Nd7 6. d4 e6 7. Bd3 Be7 8. 0-0 Qb6 9. Be2 cxd4 10. cxd4 f6 11. b3 fxe5 12. dxe5 Ndxe5 13. Nxe5 Nxe5 14. Nc3 0-0 15. Bb2 Ng6 16. Rc1 Bd7 17. Bg4 Qd6 18. g3 Rac8 19. f4 Bf6 20. Rf2 Rc6 21. Nb5 Rxc1 22. Nxd6 Rxd1+ 23. Bxd1 Be7 24. Ba3 e5 25. fxe5 Nxe5 26. Rxf8+ Kxf8 27. Be2 Nf7 28. Nxf7 Bxa3 29. Ne5 Be6 30. Kf2 Bc5+ 31. Kg2 Ke7 32. Nd3 Bd4 33. Bf3 g5 34. h3 0-1